| 000 | 00404cam a2200169ua 4500 | ||
|---|---|---|---|
| 020 | _c5.00 | ||
| 041 |
_amal _h |
||
| 082 |
_a84.812308 _bMAJ/SI |
||
| 100 | _aMajrova, Mary . | ||
| 245 |
_aSiren-Part II / _cMary Majrova. _hTextual Documents |
||
| 260 |
_aEranakulam : _bC I C C Book House , _c1965. |
||
| 300 | _a740 ; . | ||
| 365 | _a5.00 | ||
| 504 | _a | ||
| 942 | _cBK | ||
| 999 |
_c4943 _d4943 |
||